000 01816nam a2200361 a 4500
001 000043532
003 DO-SdBNP
005 20260428073714.0
007 ta
008 140324s2010 dr 000 e spa d
020 _a9789945412406
040 _aDO-SdBNP
_bspa
_cBNPHU
082 4 _aRD864.44
_bP925p, 2009
_222
111 2 _aPremios Funglode /GFDD Ensayo
_d(2009 :
_cSanto Domingo)
_971294
245 1 0 _aPremio de ensayo Pedro Francisco Bonó /
_cManuel Moisés Montás Betances , Edynson Alarcón, Rafael Brea López
250 _a4a. ed.
260 _aSanto Domingo :
_bFUNGLODE,
_c2010.
300 _a193 p. ;
_c26 cm.
490 _aPremios FUNGLODE /GFDD 2009;
_aEnsayo
505 0 _aPrimer lugar--
_tLa actividad empresarial en los últimos años del período colonial dominicano (1764-1822) /
_rManuel Moisés Montás Vetances
_gSegundo Lugar
_tLa sociedad Bucanera : un acontecimiento único e irrepetible en la historia del Caribe /
_rEdysón Alarcón
_gTercer lugar
_tArte dominicano : Vibraciones de la historia /
_rRafael Brea López.
590 _aInventariado, 2020/VM
650 0 _aEnsayos dominicanos
_965
650 0 _aLiteratura dominicana.
_967
650 0 _aPremios literarios
_91542
650 4 _aCertámenes literarios
_91541
700 1 _aMontás Betances, Manuel Moisés
_tLa actividad empresarial en los últimos años del período colonial dominicano (1764-1822)
_971295
700 1 _aBrea López, Rafael
_tArte dominicano : vibraciones de la historia
_971296
700 1 _aAlarcón, Edysón
_tLa sociedad bucanera : un acontecimiento único e irrepetible en la historia del Caribe
_971297
710 2 _aFundación Global Democracía y Desarrollo
_925477
830 0 _aPremios FUNGLODE - GFDD 2009
_pEnsayo
_971298
910 _aValidado. Control de calidad MFF
942 _2ddc
_cLBS1
999 _c43021
_d43021